000 01000nam a2200217Ia 4500
001 9104
003 GE_BSU
008 181216s||||||||xx |||||||||||||| ||und||
040 _cGE_BSU
080 _a821.353.1-1
100 _aლებანიძე,მურმან
245 _aრჩეული:ლექსები,ბალადები,პოემები
245 _cრედ.იორამ ქვემერტელიძე,ფოტოპორტრეტი ბადრი დათუაშვილისა.წინასიტყვ. ა.კალანდაძის.მხატვ.გოგი წერეთელი
250 _aმე-2 გამოც.
260 _aთბილისი
260 _bსაბჭოთა საქართველო
260 _c1982
300 _a735გვ.პორტრეტი.22სმ.
653 _aრჩეული:ლექსები,ბალადები,პოემები
942 _cBK
999 _c42408
_d42408